Lost in the cosmos : (Record no. 24016)
[ view plain ]
| 000 -LEADER | |
|---|---|
| fixed length control field | 01069cam a2200265 a 4500 |
| 001 - CONTROL NUMBER | |
| control field | 24016 |
| 005 - DATE AND TIME OF LATEST TRANSACTION | |
| control field | 20251028180042.0 |
| 010 ## - LIBRARY OF CONGRESS CONTROL NUMBER | |
| LC control number | 83001590 |
| 020 ## - INTERNATIONAL STANDARD BOOK NUMBER | |
| International Standard Book Number | 0374191654 : |
| 020 ## - INTERNATIONAL STANDARD BOOK NUMBER | |
| International Standard Book Number | 0374191662 : |
| 040 ## - CATALOGING SOURCE | |
| Original cataloging agency | DLC |
| Transcribing agency | KE-NaSUL |
| 050 00 - LIBRARY OF CONGRESS CALL NUMBER | |
| Classification number | PS3566.E6912L6 1983 |
| 051 ## - LIBRARY OF CONGRESS COPY, ISSUE, OFFPRINT STATEMENT | |
| Classification number | PS3566.E6912L6 1983b |
| Copy information | Another issue. [8], 262 p. Without leaf bearing limited-edition statement. |
| 090 ## - LOCALLY ASSIGNED LC-TYPE CALL NUMBER (OCLC); LOCAL CALL NUMBER (OCLC) | |
| -- | 24016 |
| -- | 24016 |
| 100 1# - MAIN ENTRY--PERSONAL NAME | |
| Personal name | Percy, Walker, |
| Dates associated with a name | 1916-1990. |
| 9 (RLIN) | 21959 |
| 245 10 - TITLE STATEMENT | |
| Title | Lost in the cosmos : |
| Remainder of title | the last self-help book / |
| Statement of responsibility, etc | Walker Percy. |
| 260 ## - PUBLICATION, DISTRIBUTION, ETC. (IMPRINT) | |
| Place of publication, distribution, etc | New York : |
| Name of publisher, distributor, etc | Farrar, Straus & Giroux, |
| Date of publication, distribution, etc | c1983. |
| 300 ## - PHYSICAL DESCRIPTION | |
| Extent | [10], 262 p. ; |
| Dimensions | 22 cm. |
| 500 ## - GENERAL NOTE | |
| General note | "This edition, signed by the author, is limited to three hundred and fifty numbered copies"--Prelim. p. [1] |
| 590 ## - LOCAL NOTE (RLIN) | |
| Local note | LC has signed, unnumbered copy, deposited for copyright. |
| 650 #0 - SUBJECT ADDED ENTRY--TOPICAL TERM | |
| Topical term or geographic name as entry element | Self-actualization (Psychology) |
| General subdivision | Humor. |
| 9 (RLIN) | 42272 |
| 856 42 - ELECTRONIC LOCATION AND ACCESS | |
| Materials specified | Publisher description |
| Uniform Resource Identifier | <a href="http://www.loc.gov/catdir/enhancements/fy0667/83001590-d.html">http://www.loc.gov/catdir/enhancements/fy0667/83001590-d.html</a> |
| 906 ## - LOCAL DATA ELEMENT F, LDF (RLIN) | |
| a | 7 |
| b | cbc |
| c | orignew |
| d | 1 |
| e | ocip |
| f | 19 |
| g | y-gencatlg |
| 942 ## - ADDED ENTRY ELEMENTS (KOHA) | |
| Koha item type | BOOK |
| Initials | |
No items available.